Central Library OPAC University of Rajshahi

Sociological human ecology : (Record no. 34044)

MARC details
000 -LEADER
fixed length control field 00865cam a2200277 a 4500
001 - CONTROL NUMBER
control field 34044
003 - CONTROL NUMBER IDENTIFIER
rucl marc code BD-RjUL
005 - DATE AND TIME OF LATEST TRANSACTION
control field 20211209052110.0
008 - FIXED-LENGTH DATA ELEMENTS--GENERAL INFORMATION
fixed length control field 140512s1984 coua b 001 0 eng
020 ## - INTERNATIONAL STANDARD BOOK NUMBER
International Standard Book Number 0865316716 (pbk.)
035 ## - SYSTEM CONTROL NUMBER
System control number (BD-RjUL)34138
040 ## - CATALOGING SOURCE
Original cataloging agency DLC
Transcribing agency DLC
Modifying agency BD-RjUL
Language of cataloging eng
041 ## - LANGUAGE CODE
Language code of text/sound track or separate title eng
082 00 - DEWEY DECIMAL CLASSIFICATION NUMBER
Classification number 301.3
Edition number 19
Author mark and year SOC 1984
245 00 - TITLE STATEMENT
Title Sociological human ecology :
Remainder of title contemporary issues and applications /
Statement of responsibility, etc. edited by Michael Micklin and Harvey M. Choldin.
260 ## - PUBLICATION, DISTRIBUTION, ETC. (IMPRINT)
Place of publication, distribution, etc. Boulder :
Name of publisher, distributor, etc. Westview Press,
Date of publication, distribution, etc. 1984.
300 ## - PHYSICAL DESCRIPTION
Pagination xiv, 454 p. :
Illustrations ill. ;
Size 24 cm.
504 ## - BIBLIOGRAPHY, ETC. NOTE
Bibliography, etc Includes bibliographies and indexes.
650 #0 - SUBJECT ADDED ENTRY--TOPICAL TERM
Topical term or geographic name as entry element Human ecology.
9 (RLIN) 103462
Topical term or geographic name as entry element Sociology.
9 (RLIN) 103463
700 1# - ADDED ENTRY--PERSONAL NAME
Personal name Micklin, Michael.
Personal name Choldin, Harvey M.
942 ## - ADDED ENTRY ELEMENTS (KOHA)
Source of classification or shelving scheme Dewey Decimal Classification
Koha item type Books
Holdings
Lost status Source of classification or shelving scheme Damaged status Not for loan Collection code Permanent Location Current Location Shelving location Date acquired Source of acquisition Total Checkouts Full call number Date last seen Copy number Koha item type
  Dewey Decimal Classification   Not For Loan Non-fiction Central Library, University of Rajshahi Central Library, University of Rajshahi Reading Room 15/06/1991 Asia foundation   301.3 SOC 1984 12/05/2014 C-1 Books